Sur la compressibilité a 0º et audessous de l'atmosphère et l'écart de la loi d'Avogadro de plussieurs gaz / (Record no. 77009)

MARC details
000 -LEADER
campo de control de longitud fija 00738nam a2200193 i 4500
001 - NÚMERO DE CONTROL
campo de control 77009
003 - IDENTIFICADOR DE NÚMERO DE CONTROL
campo de control ES-MaACL
005 - FECHA Y HORA DE LA ÚLTIMA TRANSACCIÓN
campo de control 20230906173041.0
007 - CAMPO FIJO DE DESCRIPCIÓN FÍSICA--INFORMACIÓN GENERAL
campo de control de longitud fija t|
008 - DATOS DE LONGITUD FIJA--INFORMACIÓN GENERAL
campo de control de longitud fija 041006q1923 fr ||||1| fre d
100 1# - ENTRADA PRINCIPAL--NOMBRE DE PERSONA
Nombre de persona Guye, Ph. A.
9 (RLIN) 61265
245 10 - MENCIÓN DEL TÍTULO
Título Sur la compressibilité a 0º et audessous de l'atmosphère et l'écart de la loi d'Avogadro de plussieurs gaz /
Mención de responsabilidad, etc. par M. Gueroult et T. Batuecas.
260 ## - PUBLICACIÓN, DISTRIBUCIÓN, ETC.
Lugar de publicación, distribución, etc. Paris :
Nombre del editor, distribuidor, etc. Presses Universitaires de France,
Fecha de publicación, distribución, etc. [1923?]
300 ## - DESCRIPCIÓN FÍSICA
Extensión 15 h. :
Otras características físicas il. ;
Dimensiones 27 cm.
500 ## - NOTA GENERAL
Nota general Es tirada aparte de Journal de Chimie Physique, t. 20, p. 308-336.
505 8# - NOTA DE CONTENIDO CON FORMATO
Nota de contenido con formato Contiene: V. I: Oxigène, hydrogène et anhydride carbonique
700 1# - ENTRADA AGREGADA--NOMBRE PERSONAL
Nombre de persona Batuecas, Tomás.
9 (RLIN) 26494
852 ## - LOCALIZACIÓN
Ubicación ES-MaACL
Número de control de estantería 1732-F-26
Holdings
Estatus retirado Estado de pérdida Estado de daño No para préstamo Colección Biblioteca de origen Biblioteca actual Ubicación en estantería Fecha de adquisición Fuente de adquisición Total de préstamos Signatura topográfica completa Código de barras Visto por última vez Precio de reemplazo Tipo de ítem Koha
        Colección de folletos Biblioteca del Ateneo de Madrid Biblioteca del Ateneo de Madrid Depósito folletos 17/01/2008     1732-F-26 1080578 23/02/2023 23/02/2023 Folleto